Państwa produkujące najwięcej mango - Statystyki

Ogólne statystyki
  • Ten quiz został rozwiązany 12 razy
  • Średni wynik to 8 z 15
Statystyki odpowiedzi
Tony (mln) Kraj % Poprawnych
26,2 Indie
100%
2,3 Brazylia
90%
3,9 Chiny
90%
4,1 Indonezja
70%
1,5 Wietnam
70%
1,5 Bangladesz
60%
2,7 Meksyk
60%
0,80 Filipiny
50%
2,6 Pakistan
50%
1,6 Tajlandia
50%
1,7 Egipt
40%
0,91 Kenia
30%
0,95 Nigeria
20%
2,1 Malawi
10%
0,73 Sudan
10%
Nie znaleziono quizów pasujących do podanych kryteriów
Rozkład punktacji
Procent ludzi z każdym wynikiem
Percentyl według liczby udzielonych odpowiedzi
Twoja historia wyników
Nie rozwiązałeś tego quizu